000
00294nam a2200097Ia 4500
005
20251222114344.0
008
251222s1900||||xx |||||||||||||| ||spa||
082
_a
DVD0195/U61I/2003
245
0
_a
Conferencia: Implicancias de las relaciones judeo - cristiana en sus propias identidades :
942
_c
DVD
999
_c
981
_d
981